| 000 | 00770nam a2200253 i 4500 | ||
|---|---|---|---|
| 001 | bg | ||
| 100 | 1 | _aRapelli, Paola. | |
| 245 | 0 |
_aGoya / _c[tekst Paola Rapelli ; tł. Małgorzata Borkowska]. |
|
| 260 |
_aWarszawa : _bRzeczpospolita ; _bHPS, _c2006. |
||
| 300 |
_a143 s. : _bil. ; _c26 cm. |
||
| 490 | 1 |
_aKlasycy Sztuki ; _v15 |
|
| 600 | 0 |
_aGoya y Lucientes, Francisco _d(1746-1828) _xtwórczość |
|
| 650 | 0 |
_aMalarstwo hiszpańskie _xhistoria _y18-19 w. |
|
| 700 | 0 | 1 |
_aBorkowska, Hanna. _eTł. |
| 830 | _aKlasycy Sztuki ; | ||
| 020 | _a9788360529140 | ||
| 020 | _a8360529140 | ||
| 040 | _cBPK | ||
| 041 | 1 |
_apol _hita |
|
| 080 | _a75.071(460)"17/18"(084.11)A/Z | ||
| 920 | _a978-83-60529-14-0 | ||
| 942 | _cKS | ||
| 008 | s pl f |000 0 pol | ||
| 999 |
_c53734 _d53734 |
||
| 856 |
_uhttp://koha.tu.koszalin.pl/cgi-bin/koha/opac-detail.pl?biblionumber=53734 _yKatalog online BPK |
||